000 00475nam a2200145Ia 4500
008 100122s9999 xx 000 0 und d
082 _b28939
_a823.08
100 _aजोशी विमला
245 _aकोथिंबीरीची फुले
260 _bशकुंतला लाटकर
_c1905
300 _a110
630 _aकोथिंबीरीची फुले
730 _aकोथिंबीरीची फुले
942 _cBOOK
999 _c414416
_d414413